00841cam a2200229 a 450000100100000000500170001000800410002702000150006804000230008308200190010610000700012524500450019526000480024030000200028849000250030865000300033365000440036383000330040791000340044095201220047499900150059600000620320200929151955.0930722s1991 ve 001 p spa c a9800104518 aDO-SdBNPcTxUdDLC aV861.44bB677f1 aBohórquez, DouglasqDouglas Bohórquez Rincón,d1951-91736010aFabla del oscuro /cDouglas Bohórquez. aCaracas, Venezuela :bMonte Ávila,c1991. a56 p. ;c21 cm.1 aLas Formas del fuego 4aPoesía venezolana94230 4aLiteratura venezolanaySIGLO XXI917361 0aLas Formas del fuego.914676 aCatalogación por copia / LC 001052708MOaGRbGRcCTd2009-08-26iLF1l0oV861.44 B677fp6203-10r2020-06-25w2020-06-25y2ZPréstamo interno c5998d5998